Vista normal
Vista MARC
Entrada Término temático
Número de registros utilizados en: 2
001 - NÚMERO DE CONTROL
- campo de control: 20961
003 - IDENTIFICADOR DEL NÚMERO DE CONTROL
- campo de control: BNPHU
005 - FECHA Y HORA DE LA ÚLTIMA TRANSACCIÓN
- campo de control: 20250908094405.0
008 - DATOS DE LONGITUD FIJA
- campo de control de longitud fija: 200615|| aca||aabn | a|a d
010 ## - NÚMERO DE CONTROL DE LA BIBLIOTECA DEL CONGRESO
- Número de control de LC: a sh 85057716
040 ## - FUENTE DE LA CATALOGACIÓN
- Centro catalogador/agencia de origen: DO-SdBNP
- Lengua de catalogación: spa
- Centro/agencia transcriptor: BNPHU
- Normas de descripción: rda
150 ## - ENCABEZAMIENTO--TÉRMINO DE MATERIA
- Término de materia o nombre geográfico como elemento de entrada: Guías
260 ## - REFERENCIA COMPLEJA DE VÉASE--MATERIA
- Texto explicativo: la subdivisión
- Encabezamiento referido a: Guías
- Texto explicativo: bajo nombres de países, ciudades, regiones, etc.; bajo entidades corporativas, parques, edificios, plazas, etc; y bajo encabezamientos temáticos.
450 0# - TRAZADO DE VÉASE--TÉRMINO DE MATERIA
- Término de materia o nombre geográfico como elemento de entrada: Guidebooks
670 ## - FUENTE DE DATOS ENCONTRADOS
- Identificador Uniforme del Recurso: DGB/UNAM, 3 julio 2009:
- Información encontrada: catálogo electrónico (Guías)
670 ## - FUENTE DE DATOS ENCONTRADOS
- Identificador Uniforme del Recurso: https://authorities.loc.gov/authority/%20sh%2085057716%20?searchFields=lccn Consultado en 08 de septiembre, 2025
680 ## - NOTA GENERAL PÚBLICA
- Texto explicativo: Usar como subdivisión de forma bajo nombres de países, ciudades, regiones, etc, entidades corporativas, parques, plazas, etc. También se aplica bajo encabezamientos temáticos, por ejemplo
- Encabezamiento o término de subdivisión: Automóviles--Guías
681 ## - NOTA DE EJEMPLO DE TRAZADO DE MATERIA
- Texto explicativo: Referencia bajo la referencia general de véase
- Encabezamiento de materia o término de subdivisión: Guías
785 ## - ENTRADA DE ENLACE DE SUBDIVISIÓN--SUBDIVISIÓN DE FORMA
- Número de control del registro de autoridad o número normalizado: sh 85057716
- Subdivisión de forma: Guidebooks
